| 000 | 00916nam a22002057a 4500 | ||
|---|---|---|---|
| 999 |
_c4021 _d4021 |
||
| 003 | OSt | ||
| 005 | 20241223101352.0 | ||
| 008 | 241223b ||||| |||| 00| 0 eng d | ||
| 020 | _a9780008190019 | ||
| 040 | _cKH8 | ||
| 082 | _aFIC WEL | ||
| 100 |
_aWells, Herbert George, _eauthor. |
||
| 245 |
_aThe War of the Worlds / _cH. G. Wells. |
||
| 260 |
_aScotland ; _bWilliam Collins , _c2017. |
||
| 300 |
_a224 pages : _c18 cm. |
||
| 520 | _aWhen a strange, meteor-like object lands in the heart of England, the inhabitants of Earth find themselves victims of a terrible attack. A ruthless race of Martians, armed with heat rays and poisonous smoke, is intent on destroying everything that stands in its way. As the unnamed hero struggles to find his way across decimated wastelands, the fate of the planet hangs in the balance . . . | ||
| 650 | _aEnglish Fiction | ||
| 650 |
_aWorld war _vfiction |
||
| 942 |
_2ddc _cCSN |
||